000
00262nam a2200109Ia 4500
008
201216s9999 xx 000 0 und d
100
_a
Rabin, Jack [et al.]
245
0
_a
Managing administration
260
_a
New York
_b
Marcel Dekker
300
_a
276
942
_c
BK
999
_c
6264
_d
6264